000 00478cam a2200181ua 4500
020 _a81 204 0475 0
_c169.00
041 _aeng
_h
082 _a633.85
_bACH/OI
100 _aAchaya, K T .
245 _aOil seeds and oil milling in India /
_cK T Achaya.
_hTextual Documents
250 _a1 /
_b.
260 _aNew Delhi :
_bOxford & IBH Publishing company ,
_c1990.
300 _a409 ; .
365 _a169.00
504 _a
942 _cBK
999 _c7291
_d7291